| 000 -LEADER |
| fixed length control field |
00998cam a2200289Ii 4500 |
| 020 ## - INTERNATIONAL STANDARD BOOK NUMBER |
| ISBN |
9251305714 |
| 020 ## - INTERNATIONAL STANDARD BOOK NUMBER |
| ISBN |
9789251305713 |
| 040 ## - CATALOGING SOURCE |
| Transcribing agency |
UBC |
| 082 ## - DEWEY DECIMAL CLASSIFICATION NUMBER |
| Classification number |
333 FAO 2018 A084 Or. |
| 245 04 - TITLE STATEMENT |
| Title |
The state of food security and nutrition in the world : |
| Remainder of title |
building climate resilience for food security and nutrition |
| 246 3# - VARYING FORM OF TITLE |
| Title proper/short title |
State of food security and nutrition in the world |
| 246 30 - VARYING FORM OF TITLE |
| Title proper/short title |
Building climate resilience for food security and nutrition |
| 300 ## - PHYSICAL DESCRIPTION |
| Number of Pages |
xv, 181 pages : |
| Other physical details |
color illustrations, color maps ; |
| Dimensions |
30 cm |
| 490 1# - SERIES STATEMENT |
| Series statement |
The state of the world |
| 500 ## - GENERAL NOTE |
| General note |
At head of title: 2018 |
| 650 #0 - SUBJECT ADDED ENTRY--TOPICAL TERM |
| Topical Term |
Food security |
| 650 #0 - SUBJECT ADDED ENTRY--TOPICAL TERM |
| Topical Term |
Food supply |
| 650 #0 - SUBJECT ADDED ENTRY--TOPICAL TERM |
| Topical Term |
Nutrition |
| 650 #0 - SUBJECT ADDED ENTRY--TOPICAL TERM |
| Topical Term |
Malnutrition |
| 650 #0 - SUBJECT ADDED ENTRY--TOPICAL TERM |
| Topical Term |
Hunger |
| 710 2# - ADDED ENTRY--CORPORATE NAME |
| Corporate name or jurisdiction name as entry element |
Food and Agriculture Organization of the United Nations. |
| 710 2# - ADDED ENTRY--CORPORATE NAME |
| Corporate name or jurisdiction name as entry element |
International Fund for Agricultural Development. |
| 710 2# - ADDED ENTRY--CORPORATE NAME |
| Corporate name or jurisdiction name as entry element |
UNICEF. |
| 710 2# - ADDED ENTRY--CORPORATE NAME |
| Corporate name or jurisdiction name as entry element |
World Food Programme. |
| 710 2# - ADDED ENTRY--CORPORATE NAME |
| Corporate name or jurisdiction name as entry element |
World Health Organization. |
| 942 ## - ADDED ENTRY ELEMENTS (KOHA) |
| Koha item type |
ADB |
| 952 ## - LOCATION AND ITEM INFORMATION (KOHA) |
| Withdrawn status [LOCAL, KOHA] |
0 |